Constitución de la provincia de buenos aires; enfoque didáctico-conceptos-esquemas- índice de vocablos /

Guardado en:
Autor Principal: Buenos Aires
Formato: Libro
Publicado: Buenos Aires : Adrograf Argentina Editora, 1993
Materias:
Etiquetas: Agregar Etiqueta
Sin Etiquetas, Sea el primero en etiquetar este registro!
LEADER 00596nam a22001695a 4500
001 CEM.cems016548
005 20100311162131.0
008 130507s1993##################000#0#####d
003 CEMS
020 |a 950961601X 
082 0 4 |a 342.821 
100 1 |a Buenos Aires 
245 1 0 |a Constitución de la provincia de buenos aires; enfoque didáctico-conceptos-esquemas- índice de vocablos /  |c Buenos Aires, 
260 |a Buenos Aires :  |b Adrograf Argentina Editora,  |c 1993 
300 |a 64 p. 
653 |a Constitución pcia. de buenos aires 
859 |a CEMS  |b BIB. CEMS - Agricultura  |h 342.821  |i B862-1/1993  |p A18458.95  |t Ej.1